000 00936nam a22003017a 4500
003 CHAP
005 20220329140131.0
008 971013s r 00010 d
010 _a47464
011 _a48436
035 _a52582
040 _cCHAP
082 _a719.36
_bR4
100 0 0 _aReyes Castillo, Pedro.
_996779
245 _aFauna de la cuenca del Valle de México
260 _a(s.l.) :
_bInstituto de Ecología,
_c(s.a.)
300 _a(s.p.)
_b: ilus.
590 _aBATCH-UPD
_b10
_c20130110
_lUCH01
_h0000
590 _aBATCH-UPD
_b10
_c20130110
_lUCH01
_h2200
590 _aBATCH-UPD
_b10
_c20130410
_lUCH01
_h1508
590 _aBATCH-UPD
_b10
_c20130914
_lUCH01
_h1705
590 _aCONVERSION
_b10
_c20130109
_lUCH01
_h1326
650 1 4 _aVida silvestre
_xValle de México.
_9119202
700 0 _aHalffter, Gonzalo.
_952286
901 _aBK
942 _cLIBRO
949 _a719.36 R4
_bBC
_cC
_d33724000789970
_eC
_h51025
_i52582
_si
999 _c47464
_d47464